[Event "BL2 West 1718 (Women)"]
[Site "Germany"]
[Date "2017.10.14"]
[Round "1.5"]
[White "Schrader, Elanor"]
[Black "Tegtmeier, Stephanie"]
[Result "1/2-1/2"]
[WhiteElo "1792"]
[BlackElo "1658"]
[PlyCount "118"]
[EventDate "2017.10.14"]
[EventType "team-tourn"]
[EventRounds "7"]
[EventCountry "GER"]
[SourceTitle "EXT 2019"]
[Source "ChessBase"]
[SourceDate "2018.10.10"]
[SourceVersion "1"]
[SourceVersionDate "2018.10.10"]
[SourceQuality "1"]
[WhiteTeam "Paderborn Blauer Springer (W)"]
[BlackTeam "Hamburger SK (W) II"]
[WhiteTeamCountry "GER"]
[BlackTeamCountry "GER"]

1. e4 c5 2. Nf3 Nc6 3. d4 cxd4 4. Nxd4 e5 5. Nf3 Nf6 6. Nbd2 Bc5 7. Bc4 0-0 8. 0-0 Qc7 9. Bb3 Rd8 10. Ng5 d5 11. exd5 Nxd5 12. Bxd5 Rxd5 13. Qh5 Bf5 14. Nde4 Bb6 15. Nc3 Rd7 16. Nge4 Bg6 17. Qh4 Qd8 18. Bg5 f6 19. Be3 Nd4 20. Bxd4 Rxd4 21. Rfd1 Bxe4 22. Qxe4 Rxe4 23. Rxd8+ Rxd8 24. Nxe4 Rd4 25. Re1 a6 26. c3 Rd5 27. g4 Kf8 28. Kf1 Kf7 29. Ke2 g6 30. f3 Ke6 31. Rc1 h6 32. Rc2 Ba7 33. Rd2 Rxd2+ 34. Kxd2 f5 35. Ng3 Bf2 36. Kd3 Bg1 37. h3 Bh2 38. Ne2 Kd5 39. c4+ Kc5 40. Nc3 h5 41. Nd5 e4+ 42. fxe4 fxg4 43. hxg4 h4 44. b4+ Kd6 45. c5+ Kd7 46. Ke3 g5 47. Kf3 Be5 48. a4 Kc6 49. Ne7+ Kd7 50. Nf5 Bc3 51. b5 axb5 52. axb5 Bb4 53. c6+ bxc6 54. bxc6+ Kxc6 55. Nd4+ Kd6 56. Kg2 Bc5 57. Nf3 Be3 58. Kh3 Ke6 59. Nxh4 gxh4 1/2-1/2

[Event "Regionalliga NO 1617 (Women)"]
[Site "Germany"]
[Date "2017.01.22"]
[Round "3.3"]
[White "Tegtmeier, Stephanie"]
[Black "Siegle, Angela"]
[Result "1-0"]
[WhiteElo "1658"]
[BlackElo "1104"]
[PlyCount "85"]
[EventDate "2016.10.23"]
[EventType "team-tourn"]
[EventRounds "5"]
[EventCountry "GER"]
[SourceTitle "EXT 2018"]
[Source "ChessBase"]
[SourceDate "2017.10.13"]
[SourceVersion "1"]
[SourceVersionDate "2017.10.13"]
[SourceQuality "1"]
[WhiteTeam "Hamburger SK (W) II"]
[BlackTeam "Gryps (W)"]
[WhiteTeamCountry "GER"]
[BlackTeamCountry "GER"]

1. e4 e5 2. Nf3 Nc6 3. d4 exd4 4. Nxd4 Qh4 5. Nc3 Bc5 6. Be3 Bb4 7. Bd3 Qf6 8. Ndb5 Qe5 9. f4 Bxc3+ 10. bxc3 Qe7 11. Nxc7+ Kd8 12. Nxa8 b6 13. Nxb6 axb6 14. Bxb6+ Ke8 15. 0-0 d6 16. Bb5 Qb7 17. Bxc6+ Qxc6 18. Bd4 Nf6 19. Bxf6 gxf6 20. Qd4 Rg8 21. Rab1 Qd7 22. Rf2 Bb7 23. Qb4 Bc8 24. Qb5 Qxb5 25. Rxb5 Kd7 26. Rh5 Rg7 27. e5 Ke6 28. exf6 Kxf6 29. Rd5 Ke6 30. Rfd2 Bb7 31. Rxd6+ Kf5 32. g3 f6 33. Rd7 Rxd7 34. Rxd7 Be4 35. Rxh7 Bxc2 36. Rd7 Ke6 37. Rd2 Bf5 38. a4 Kf7 39. a5 Bc8 40. c4 Ke6 41. c5 Kf5 42. c6 Ke4 43. c7 1-0

[Event "BL2 Ost 1516 (Women)"]
[Site "Germany"]
[Date "2016.02.28"]
[Round "7.6"]
[White "Just, Anita"]
[Black "Tegtmeier, Stephanie"]
[Result "1-0"]
[WhiteElo "1971"]
[BlackElo "1622"]
[PlyCount "35"]
[EventDate "2015.09.26"]
[EventType "team-tourn"]
[EventRounds "7"]
[EventCountry "GER"]
[SourceTitle "EXT 2017"]
[Source "ChessBase"]
[SourceDate "2016.10.25"]
[SourceVersion "1"]
[SourceVersionDate "2016.10.25"]
[SourceQuality "1"]
[WhiteTeam "Leipzig Allianz (W)"]
[BlackTeam "Hamburger SK (W) II"]
[WhiteTeamCountry "GER"]
[BlackTeamCountry "GER"]

1. e4 c5 2. Nf3 Nc6 3. d4 cxd4 4. Nxd4 e5 5. Nb5 d6 6. N1c3 a6 7. Na3 b5 8. Nd5 Nf6 9. c4 bxc4 10. Nxf6+ gxf6 11. Nxc4 Bb7 12. Be3 Be7 13. Nb6 Rb8 14. Nd5 Qa5+ 15. Bd2 Qd8 16. Rc1 Nd4 17. Nc7+ Kf8 18. Bh6+ 1-0

[Event "BL2 Ost 1516 (Women)"]
[Site "Germany"]
[Date "2016.01.10"]
[Round "5.5"]
[White "Tegtmeier, Stephanie"]
[Black "Evers, Annika"]
[Result "1/2-1/2"]
[WhiteElo "1622"]
[BlackElo "1812"]
[PlyCount "78"]
[EventDate "2015.09.26"]
[EventType "team-tourn"]
[EventRounds "7"]
[EventCountry "GER"]
[SourceTitle "EXT 2017"]
[Source "ChessBase"]
[SourceDate "2016.10.25"]
[SourceVersion "1"]
[SourceVersionDate "2016.10.25"]
[SourceQuality "1"]
[WhiteTeam "Hamburger SK (W) II"]
[BlackTeam "Harksheide (W)"]
[WhiteTeamCountry "GER"]
[BlackTeamCountry "GER"]

1. e4 c5 2. Nf3 e6 3. d4 cxd4 4. Nxd4 Nf6 5. Bg5 Qa5+ 6. Qd2 Bb4 7. c3 Nxe4 8. cxb4 Qxg5 9. Qxg5 Nxg5 10. Nb5 Na6 11. a3 Ne4 12. N1c3 Nxc3 13. bxc3 d5 14. c4 0-0 15. cxd5 exd5 16. Bd3 Re8+ 17. Kd2 Rd8 18. Rac1 Be6 19. Rhe1 Rac8 20. Nxa7 Rxc1 21. Rxc1 Ra8 22. Nb5 Kf8 23. Nc7 Nxc7 24. Rxc7 Rxa3 25. Rxb7 d4 26. Rc7 Rb3 27. b5 Ke8 28. Kc2 Kd8 29. Rc5 Kd7 30. f4 g6 31. f5 gxf5 32. Bxf5 Rb4 33. Bxh7 Kd6 34. Rc6+ Kd5 35. Bd3 Bd7 36. Rf6 Be6 37. h4 Ke5 38. Rh6 Bb3+ 39. Kd2 Be6 1/2-1/2

[Event "GER-chT U20 Girls"]
[Site "Meppen"]
[Date "2002.12.29"]
[Round "6.1"]
[White "Kind, Veronika"]
[Black "Tegtmeier, Stephanie"]
[Result "1/2-1/2"]
[WhiteElo "1734"]
[BlackElo "1487"]
[PlyCount "42"]
[EventDate "2002.12.27"]
[EventType "team"]
[EventRounds "7"]
[EventCountry "GER"]
[SourceTitle "CBM 092 Extra"]
[Source "ChessBase"]
[SourceDate "2003.03.07"]
[SourceVersion "1"]
[SourceVersionDate "2003.03.07"]
[SourceQuality "1"]

1. e4 c5 2. Nf3 a6 3. d4 cxd4 4. Nxd4 Nf6 5. Nc3 e5 6. Nb3 d6 7. Be2 Nc6 8. 0-0 Be6 9. Be3 Be7 10. Kh1 d5 11. exd5 Nxd5 12. Nxd5 Qxd5 13. Bf3 e4 14. Qxd5 Bxd5 15. Be2 0-0 16. Bb6 Bd8 17. Bc5 Be7 18. Bxe7 Nxe7 19. Nd4 Rac8 20. Rfe1 Nc6 21. Nxc6 Rxc6 1/2-1/2

[Event "GER-chT U20 Girls"]
[Site "Meppen"]
[Date "2002.12.28"]
[Round "3.1"]
[White "Mueller, Sabrina"]
[Black "Tegtmeier, Stephanie"]
[Result "0-1"]
[WhiteElo "1113"]
[BlackElo "1487"]
[PlyCount "110"]
[EventDate "2002.12.27"]
[EventType "team"]
[EventRounds "7"]
[EventCountry "GER"]
[SourceTitle "CBM 092 Extra"]
[Source "ChessBase"]
[SourceDate "2003.03.07"]
[SourceVersion "1"]
[SourceVersionDate "2003.03.07"]
[SourceQuality "1"]

1. e4 c6 2. Nf3 d5 3. exd5 cxd5 4. d3 Bf5 5. Be2 Qc7 6. 0-0 Nf6 7. h3 e6 8. Bg5 Nbd7 9. Re1 Rc8 10. Nd4 Bg6 11. Nc3 Bb4 12. Bd2 Bxc3 13. Bxc3 0-0 14. Nb5 Qb6 15. Nd4 a6 16. Rb1 Qc7 17. Bg4 e5 18. Bxd7 Nxd7 19. Nf3 d4 20. Bb4 Rfe8 21. Re2 a5 22. Ba3 b5 23. b3 b4 24. Bb2 Nb6 25. Rc1 Nd5 26. g3 f6 27. Kg2 Bh5 28. Qe1 Qd7 29. g4 Bxg4 30. hxg4 Qxg4+ 31. Kf1 Qh3+ 32. Kg1 Nf4 33. Qf1 Qg4+ 34. Kh2 Qxf3 35. Re4 Qh5+ 36. Kg1 Nh3+ 37. Kh2 Nf4+ 38. Kg1 Qg6+ 39. Kh2 h5 40. Qg1 Qxg1+ 41. Rxg1 g5 42. Bc1 Ne6 43. f3 Rxc2+ 44. Kg3 Rxa2 45. Rh1 h4+ 46. Kg4 Rg2+ 47. Kf5 Kf7 48. Rxe5 fxe5 49. Kxe5 Nc5+ 50. Kd5 Nxb3 51. f4 Nxc1 52. Rxc1 Rd8+ 53. Ke5 gxf4 54. Kxf4 b3 55. Kf3 Rc2 0-1

[Event "GER-chT U20 Girls"]
[Site "Meppen"]
[Date "2002.12.28"]
[Round "4.1"]
[White "Tegtmeier, Stephanie"]
[Black "Beltz, Carmen"]
[Result "1-0"]
[WhiteElo "1487"]
[BlackElo "1638"]
[PlyCount "81"]
[EventDate "2002.12.27"]
[EventType "team"]
[EventRounds "7"]
[EventCountry "GER"]
[SourceTitle "CBM 092 Extra"]
[Source "ChessBase"]
[SourceDate "2003.03.07"]
[SourceVersion "1"]
[SourceVersionDate "2003.03.07"]
[SourceQuality "1"]

1. e4 c5 2. d4 cxd4 3. c3 d3 4. Bxd3 Nc6 5. f4 d6 6. Be3 e6 7. Nf3 Nge7 8. Nbd2 g6 9. Qc2 Bg7 10. 0-0 0-0 11. h3 a6 12. g4 f5 13. exf5 Nd5 14. Rae1 Nxe3 15. Rxe3 exf5 16. g5 b5 17. Kh2 Ra7 18. c4 Nb4 19. Qb3 Nxd3 20. cxb5+ Kh8 21. Rxd3 axb5 22. Re1 Rc7 23. Qb4 Rc6 24. Nd4 Ra6 25. Qb3 Re8 26. Rxe8+ Qxe8 27. Re3 Qf8 28. Qxb5 Bd7 29. Qxd7 Ra8 30. Ne6 Qg8 31. Qxg7+ Qxg7 32. Nxg7 Kxg7 33. a3 Rb8 34. b4 Kf7 35. Nc4 Rd8 36. Rd3 Ke7 37. Rxd6 Rxd6 38. Nxd6 Kxd6 39. a4 Kc6 40. a5 Kb5 41. Kg3 1-0